LIPS - jxdn - Statistics

General Stats
  • This quiz has been taken 20 times
  • The average score is 205 of 295
Answer Stats
Hint Answer % Correct
lips
100%
a
93%
you
93%
your
93%
do
87%
Verse 1 | Verse 2 I
87%
Pre-Chorus Always
80%
always
80%
and
80%
don't
80%
hear
80%
im
80%
Chorus Im
80%
know
80%
me
80%
not
80%
perfect
80%
see
80%
the
80%
wanna
80%
are
73%
but
73%
eyes
73%
for
73%
in
73%
my
73%
say
73%
what
73%
be
67%
'cause
67%
ever
67%
every
67%
fucking
67%
goddamn
67%
goodbye
67%
hate
67%
mess
67%
whisper
67%
with
67%
crazy
60%
die
60%
head
60%
i'd
60%
lie
60%
now
60%
rather
60%
than
60%
this
60%
we
60%
would
60%
anything
53%
certain
53%
night
53%
run
53%
said
53%
teardrops
53%
that
53%
they're
53%
to
53%
were
53%
away
47%
bed
47%
can
47%
it
47%
life
47%
out
47%
blacked
40%
Bridge If
40%
if
40%
just
40%
of
40%
someone
40%
end
33%
mistakes
33%
never
33%
won't
33%
baby
27%
miss
27%
one
27%
please
27%
pretend
27%
worth
27%
like
20%
turn
20%
save
13%
anyhting
0%
woah
0%
No matching quizzes found
Score Distribution
Percent of People with Each Score
Percentile by Number Answered
Your Score History
You have not taken this quiz